Diálogo con América Latina: panorama de una literatura del futuro

Salvato in:
Dettagli Bibliografici
Autore principale: Lorenz, Günter (autor)
Natura: Libro
Lingua:spagnolo
Pubblicazione: Valparaíso Universitarias de Valparaíso 1972
Edizione:1a. ed
Soggetti:
Tags: Aggiungi Tag
Nessun Tag, puoi essere il primo ad aggiungerne!!

MARC

LEADER 00000nam a2200000 a 4500
001 UCH9317
003 CL-VaPUC
008 091231e19720000CL |||||||||||||||||spa|d
082 0 4 |a 863  |b LOR  |2 21 
100 |a Lorenz, Günter  |e autor  |9 546280 
245 1 0 |a Diálogo con América Latina: panorama de una literatura del futuro 
250 |a 1a. ed 
300 |a 434 p 
942 |c BK 
945 |d 20091231 00:00:00  |a cmena 
260 |a Valparaíso  |b Universitarias de Valparaíso  |c 1972 
650 0 |a Literatura latinoamericana  |9 309997 
650 0 |a Crítica e interpretación literaria  |9 266284 
650 0 |a Estilos literarios  |9 310538 
651 0 |a América Latina   |9 255027 
583 |a last modification  |c 20091231 00:00:00  |k Rodrigo Vera 
999 |c 339306  |d 339304 
952 |0 0  |1 0  |4 0  |6 863_000000000000000_LOR_1972  |7 0  |8 C  |9 432879  |a BIBCUR  |b BIBCUR  |d 2019-11-22  |i 4582551  |o 863 LOR 1972  |p 4582551  |r 2025-04-22  |w 2019-11-22  |y BK  |k CAC